[Event "HCL-C124"]
[Site "www.playchess.de"]
[Date "2001.02.16"]
[Round "8"]
[White "archon"]
[Black "Platon"]
[WhiteElo "1000"]
[BlackElo "998"]
[PlyCount "31"]
[Result "1-0"]

1.e4 d5 2.e5 e6 3.d4 Qh4 4.Nf3 Qe4+ 5.Be3 Bb4+ 
6.c3 Be7 7.g3 Nh6 8.Bd3 Qg4 9.h3 Qh5 10.Nbd2 Ng4 
11.Qe2 g6 12.O-O-O Nxe3 13.Qxe3 g5 14.g4 Qh6 15.h4 
f6 16.hxg5 1-0

[Event "HCL-C125"]
[Site "www.playchess.de"]
[Date "2001.02.16"]
[Round "34"]
[White "Navi"]
[Black "Stefan"]
[WhiteElo "1513"]
[BlackElo "1439"]
[PlyCount "26"]
[Result "0-1"]

1.Nf3 d5 2.d4 Nf6 3.c4 dxc4 4.e3 b5 5.Nc3 Bd7 6.a4 
c6 7.g3 g6 8.axb5 cxb5 9.Ne5 a6 10.Bg2 Ra7 11.O-O 
Bg7 12.Bd2 O-O 13.h3 Qc8 0-1

[Event "HCL-C126"]
[Site "www.playchess.de"]
[Date "2001.02.16"]
[Round "9"]
[White "king"]
[Black "Coney"]
[WhiteElo "1000"]
[BlackElo "1061"]
[PlyCount "108"]
[Result "0-1"]

1.e4 e5 2.Nf3 Nc6 3.d4 Nxd4 4.Nxd4 exd4 5.Qxd4 c5 
6.Qe5+ Qe7 7.Qd5 h6 8.Be3 Nf6 9.Qc4 Nxe4 10.Be2 b6 
11.Bf3 Bb7 12.Nd2 Nxd2 13.Kxd2 Bxf3 14.gxf3 Qd6+ 
15.Ke2 Be7 16.Rad1 Qe5 17.b3 O-O 18.Rxd7 Bg5 19.f4 
Bxf4 20.Qxf4 Qh5+ 21.f3 g5 22.Rg1 Rfe8 23.Qxf7+ 
Qxf7 24.Rxf7 Kxf7 25.Kf2 Kg6 26.h3 Rac8 27.f4 Ref8 
28.Ke1 Rf5 29.h4 Re8 30.Rg3 Rxf4 31.hxg5 hxg5 
32.Kd2 Rxe3 33.Rxe3 Rf7 34.Kd3 g4 35.Kc4 Kg5 36.a4 
Kh4 37.b4 cxb4 38.Kxb4 g3 39.c4 Kh3 40.c5 bxc5+ 
41.Kxc5 Kh2 42.Re6 g2 43.Rh6+ Kg1 44.Kd6 Kf1 
45.Ke6 Rf3 46.Rg6 g1Q {%}  47.Rxg1+ Kxg1 48.Kd6 
Ra3 49.Kc5 Rxa4 50.Kb5 Ra1 51.Kc5 Rb1 52.Kc4 a5 
53.Kc3 a4 54.Kc2 Rb8 0-1

[Event "HCL-C129"]
[Site "www.playchess.de"]
[Date "2001.02.16"]
[Round "3"]
[White "TRIPLE_H"]
[Black "Nutz"]
[WhiteElo "199"]
[BlackElo "999"]
[PlyCount "77"]
[Result "1-0"]

1.d4 Nc6 2.Be3 e5 3.dxe5 Nxe5 4.f4 Ng4 5.Bf2 Nxf2 
6.Kxf2 Qh4+ 7.g3 Qg4 8.Nd2 b5 9.Ne4 Bb7 10.Bh3 
Bc5+ 11.e3 Qg6 12.Qxd7+ Kf8 13.Qxc7 Bxe4 14.Qxc5+ 
Ke8 15.Nf3 Qc6 16.Qxc6+ Bxc6 17.Rhd1 a5 18.Ne5 Be4 
19.Rd7 Nf6 20.Rxf7 Rc8 21.Bxc8 Rf8 22.Rxf8+ Kxf8 
23.Nd7+ Ke7 24.Nxf6 gxf6 25.g4 Bxc2 26.Bf5 Ba4 
27.b3 Bxb3 28.axb3 a4 29.bxa4 {just resign}  b4 
{No - You gotta beat me}  30.Bxh7 {i will}  b3 
{I'm sure you will - but that's not the point}  
31.a5 {why}  Kd7 32.Rb1 {it pay back time for me}  
Kc7 33.Rxb3 Kd7 34.a6 Ke7 35.a7 Kf7 36.a8Q {%}  
Kg7 37.Qb7+ Kh8 38.Qf7 f5 39.Qg8+ 1-0

[Event "HCL-C130"]
[Site "www.playchess.de"]
[Date "2001.02.16"]
[Round "24"]
[White "Coney"]
[Black "dakini"]
[WhiteElo "994"]
[BlackElo "1461"]
[PlyCount "56"]
[Result "0-1"]

1.e4 e5 2.f4 d5 3.d3 dxe4 4.dxe4 Qxd1+ 5.Kxd1 Nc6 
6.f5 Nf6 7.Bd3 h6 8.Nc3 g6 9.Be3 Bd7 10.fxg6 fxg6 
11.a3 O-O-O 12.Ke1 a6 13.h3 Be6 14.Rd1 Bd6 15.Nf3 
g5 16.Nd2 Nh5 17.Ne2 Nd4 18.Bxd4 exd4 19.Nf3 c5 
20.e5 Bc7 21.g4 Rhf8 22.Be4 Nf4 23.Ng3 Bd5 24.Bxd5 
Rxd5 25.Ne4 Bxe5 26.Ned2 d3 27.c3 h5 28.Nxg5 
Ng2+ 0-1

[Event "HCL-C141"]
[Site "www.playchess.de"]
[Date "2001.02.16"]
[Round "9"]
[White "Coney"]
[Black "locko"]
[WhiteElo "984"]
[BlackElo "742"]
[PlyCount "21"]
[Result "1-0"]

1.e4 e5 2.f4 exf4 3.Nf3 g5 4.h4 g4 5.Ne5 h5 6.d4 
f6 7.Ng6 Rh7 8.Nxf8 Kxf8 9.Bxf4 Qe7 10.e5 d6 
11.Bd3 1-0

[Event "HCL-E010"]
[Site "www.playchess.de"]
[Date "2001.02.16"]
[Round "9"]
[White "arror"]
[Black "Goofy"]
[WhiteElo "2000"]
[BlackElo "2200"]
[PlyCount "32"]
[Result "0-1"]

1.e4 c5 2.Nf3 Nc6 3.d4 cxd4 4.Nxd4 Nf6 5.Nc3 e5 
6.Ndb5 d6 7.Bg5 a6 8.Na3 b5 9.Nd5 Be7 10.Nxe7 Nxe7 
11.Bxf6 gxf6 12.c3 f5 13.f3 Rg8 14.Qd2 Be6 15.Nc2 
fxe4 16.fxe4 Rg4 0-1

[Event "HCL-E018"]
[Site "www.playchess.de"]
[Date "2001.02.16"]
[Round "14"]
[White "FD515"]
[Black "Goofy"]
[WhiteElo "1978"]
[BlackElo "2122"]
[PlyCount "47"]
[Result "1-0"]

1.e4 c5 2.Nf3 Nc6 3.Nc3 d6 4.d4 cxd4 5.Nxd4 e5 
6.Nf3 Be7 7.Bc4 Be6 8.Qd3 a6 9.a3 Rc8 10.Ba2 Nf6 
11.O-O Bxa2 12.Rxa2 O-O 13.Rd1 Qd7 14.Ra1 h6 
15.Be3 Qe6 16.Nd5 Rcd8 17.c4 Nh5 18.b4 g5 19.b5 
Nb8 20.Rab1 Nf4 21.Bxf4 exf4 22.Nd4 Qd7 23.Nf5 
Rfe8 24.Qd4 1-0

[Event "HCL-M003"]
[Site "www.playchess.de"]
[Date "2001.02.16"]
[Round "22"]
[White "fbiancal"]
[Black "chesswiz"]
[WhiteElo "2200"]
[BlackElo "2400"]
[PlyCount "57"]
[Result "1-0"]

1.e4 d6 2.d4 Nf6 3.Nc3 g6 4.f4 Bg7 5.Nf3 O-O 6.Bd3 
Na6 7.O-O c5 8.d5 Nc7 9.a4 b6 10.Qe1 Rb8 11.Qh4 a6 
12.f5 b5 13.axb5 axb5 14.Bh6 c4 15.Be2 b4 16.Bxg7 
Kxg7 17.Nd4 bxc3 18.Nc6 Qe8 19.Nxb8 cxb2 20.Rab1 
Qb5 21.Nc6 e6 22.Kh1 exd5 23.Na7 Qc5 24.Nxc8 c3 
25.Qf4 Rxc8 26.fxg6 Qd4 27.gxf7 dxe4 28.Qg5+ Kxf7 
29.Bh5+ 1-0

[Event "HCL-M009"]
[Site "www.playchess.de"]
[Date "2001.02.16"]
[Round "4"]
[White "cybermemere"]
[Black "messeer"]
[WhiteElo "2200"]
[BlackElo "2200"]
[PlyCount "48"]
[Result "0-1"]

1.d4 Nf6 2.c4 g6 3.Nc3 Bg7 4.e4 O-O 5.Nf3 d6 6.Be2 
e5 7.O-O Nc6 8.d5 Ne7 9.Ne1 Nd7 10.Nd3 f5 11.Bd2 
f4 12.Bg4 h5 13.Be6+ Kh7 14.f3 Nf6 15.Bxc8 Rxc8 
16.c5 g5 17.cxd6 cxd6 18.Nf2 Qe8 19.Qb3 Rg8 
20.Rac1 g4 21.Nb5 Rxc1 22.Rxc1 gxf3 23.Qxf3 Qxb5 
24.Rc7 Ng6 0-1

[Event "ACL-A049"]
[Site "www.playchess.de"]
[Date "2001.02.16"]
[Round "1"]
[White "Brrrr"]
[Black "Cruz"]
[WhiteElo "1500"]
[BlackElo "1500"]
[PlyCount "43"]
[Result "1-0"]

1.d4 c6 2.c4 Nf6 3.Nc3 h5 4.e4 a5 5.f4 Ra6 6.c5 
Rh6 7.Bxa6 bxa6 8.Qb3 a4 9.Qxb8 Rg6 10.g3 h4 
11.Nge2 hxg3 12.hxg3 d6 13.Qa8 dxc5 14.Qxc6+ Bd7 
15.Qxc5 Ng4 16.Rh8 Nf6 17.f5 Rg4 18.Bf4 Qb8 
19.Bxb8 g6 20.e5 Nh5 21.f6 Nxg3 {go}  
22.fxe7 1-0

[Event "ACL-A050"]
[Site "www.playchess.de"]
[Date "2001.02.16"]
[Round "12"]
[White "BENEVOLENTONE"]
[Black "Tarahumara"]
[WhiteElo "1500"]
[BlackElo "992"]
[PlyCount "77"]
[Result "1-0"]

1.d3 e5 2.e4 Qf6 3.Nf3 Bc5 4.Bg5 Qg6 5.Qd2 Nc6 
6.Nh4 Qe6 7.Nf5 Qg6 8.b4 Bxb4 9.c3 Ba5 10.Na3 f6 
11.Nb5 fxg5 12.h4 a6 13.h5 Qf6 14.h6 gxh6 15.Na3 
b5 16.Nc2 Rb8 17.a3 Nge7 18.Be2 Nxf5 19.Bh5+ Kd8 
20.exf5 Qxf5 21.Ne3 Qf6 22.Ng4 Qg7 23.O-O e4 24.d4 
d5 25.Ne3 Nxd4 26.Rab1 g4 27.Nxd5 c6 28.Qf4 Ne2+ 
29.Kh1 Nxf4 30.Nxf4 Qxc3 31.Rbc1 Qxa3 32.Rxc6 g3 
33.Rd1+ Ke7 34.fxg3 Qxg3 35.Nd5+ {WELCOMEBACK}  
Kf8 {Thanks...}  36.Rf1+ Qf3 37.gxf3 e3 38.Rf6+ 
Kg8 39.Rg1+ {good  game thank u} 
 1-0

[Event "ACL-A057"]
[Site "www.playchess.de"]
[Date "2001.02.16"]
[Round "8"]
[White "Doris"]
[Black "Bauernopfer"]
[WhiteElo "1500"]
[BlackElo "1499"]
[PlyCount "50"]
[Result "0-1"]

1.e4 e5 2.Nf3 f6 3.d4 d6 4.Be2 Nc6 5.c3 Bg4 6.Nfd2 
Bxe2 7.Qxe2 exd4 8.O-O dxc3 9.Nxc3 Qe7 10.Nd5 Qf7 
11.b3 O-O-O 12.Bb2 Nge7 13.Nxe7+ Bxe7 14.Rab1 d5 
15.Rbc1 dxe4 16.Qxe4 Rxd2 17.Qe3 Rxb2 18.a4 Rxb3 
19.Qd2 Rd8 20.Qc2 Rbd3 21.Rfe1 Bb4 22.Re2 Qh5 
23.Rce1 Bxe1 24.Rxe1 R3d1 25.Rxd1 
Rxd1+ 0-1

[Event "ACL-A073"]
[Site "www.playchess.de"]
[Date "2001.02.16"]
[Round "7"]
[White "Kevin"]
[Black "foxzy"]
[WhiteElo "1500"]
[BlackElo "1500"]
[PlyCount "63"]
[Result "1-0"]

1.e4 e5 2.Nf3 Nc6 3.Bb5 d6 4.d4 Bd7 5.Nc3 Nf6 
6.Bxc6 bxc6 7.Qd3 Be7 8.Bg5 O-O 9.O-O-O d5 10.Nxe5 
Nxe4 11.Bxe7 Qxe7 12.Nxe4 Bf5 13.f3 Qe6 14.Qe3 
dxe4 15.fxe4 Bg6 16.Rhf1 Qxa2 17.b3 Qa1+ 18.Kd2 
Qa5+ 19.Qc3 Qxc3+ 20.Kxc3 Rad8 21.Nxc6 Rd6 22.Ne7+ 
Kh8 23.Nxg6+ Rxg6 24.g3 Rc6+ 25.Kb2 g6 26.e5 Kg7 
27.c4 f6 28.exf6+ Rcxf6 29.Rxf6 Rxf6 30.Kc3 a5 
31.c5 Rf2 32.d5 1-0

[Event "CCL-E006"]
[Site "www.playchess.de"]
[Date "2001.02.16"]
[Round "19"]
[White "ZAGO"]
[Black "Toby"]
[WhiteElo "2000"]
[BlackElo "2000"]
[PlyCount "45"]
[Result "1-0"]

1.d4 Nf6 2.c4 e6 3.Nc3 Bb4 4.e3 O-O 5.Nge2 d5 6.a3 
Be7 7.cxd5 exd5 8.g3 c6 9.Bg2 Na6 10.f3 Nc7 11.O-O 
c5 12.dxc5 Bxc5 13.b4 Bd6 14.Nd4 Re8 15.Qd2 Bd7 
16.Bb2 Re5 17.f4 Re7 18.Qd3 a5 19.e4 dxe4 20.Nxe4 
Nxe4 21.Bxe4 axb4 22.axb4 Rxa1 
23.Bxh7+ 1-0

[Event "ACL-A076"]
[Site "www.playchess.de"]
[Date "2001.02.16"]
[Round "9"]
[White "rhonda202"]
[Black "Buziness"]
[WhiteElo "1500"]
[BlackElo "1500"]
[PlyCount "65"]
[Result "1-0"]

1.e4 {hi and good luck :o)}  d5 {Bonne Chance 
aussi !!!}  2.Nc3 {lol,, ok what you said. :0)}  
d4 3.Nce2 Bg4 4.f3 d3 5.cxd3 Qxd3 6.Qa4+ c6 7.Nf4 
Qd7 8.fxg4 Qxg4 9.g3 Nf6 10.h3 Qxg3+ 11.Ke2 Qxf4 
12.d3 Qh4 13.Nf3 Qg3 14.e5 b5 15.Qb4 Nd5 16.Qe4 
Nf4+ 17.Ke3 Nd5+ 18.Kd2 e6 19.Nd4 Bb4+ 20.Kc2 Qf2+ 
21.Qe2 Qxd4 22.Be3 Nxe3+ 23.Kc1 Qxe5 24.a3 Qc5+ 
25.Kb1 Na6 26.axb4 Nxb4 27.Bg2 O-O-O 28.Rc1 Qc2+ 
29.Rxc2 Nexc2 30.Rxa7 Nd4 31.Qe3 Nf5 32.Qb6 Rd7 
33.Ra8+ 1-0

[Event "HCL-C156"]
[Site "www.playchess.de"]
[Date "2001.02.16"]
[Round "19"]
[White "Michael_Schenk"]
[Black "exoticorn"]
[WhiteElo "1110"]
[BlackElo "1157"]
[PlyCount "47"]
[Result "1-0"]

1.e4 {Gruesse aus Hamburg. Viel Spass!}  e5 {Gruß 
zurück aus Frankfurt.}  2.f4 d6 3.Nf3 Nc6 4.Bc4 
Bg4 5.d3 Nf6 6.O-O Qd7 7.Be3 O-O-O 8.Nc3 a6 9.h3 
Bh5 10.f5 Bxf3 11.Qxf3 h6 12.a3 Nd4 13.Bxd4 exd4 
14.Nd5 Nxd5 15.Bxd5 Qb5 16.Bxf7 Qxb2 17.Rab1 Qxa3 
18.e5 c6 19.f6 g5 20.e6 d5 21.Rfe1 Rh7 22.Bg6 Rc7 
23.Qf5 Kb8 24.Re2 1-0

[Event "HCL-C158"]
[Site "www.playchess.de"]
[Date "2001.02.16"]
[Round "4"]
[White "arsenic"]
[Black "dg"]
[WhiteElo "1248"]
[BlackElo "1149"]
[PlyCount "35"]
[Result "1-0"]

1.e4 e5 2.Nf3 Nc6 3.Bc4 Nf6 4.Ng5 d5 5.exd5 Nxd5 
6.d4 Nxd4 7.O-O Bf5 8.c3 Nc2 9.Bxd5 Qe7 10.Bxf7+ 
Qxf7 11.Nxf7 Kxf7 12.Qh5+ g6 13.Qd1 Nxa1 14.Na3 
Bxa3 15.bxa3 Nc2 16.g4 Be4 17.Qd7+ Kf8 
18.Bh6+ 1-0

[Event "ACL-A081"]
[Site "www.playchess.de"]
[Date "2001.02.16"]
[Round "10"]
[White "Buziness"]
[Black "liero"]
[WhiteElo "1004"]
[BlackElo "1367"]
[PlyCount "27"]
[Result "1-0"]

1.e4 e5 2.d4 exd4 3.Qxd4 Nc6 4.Qc4 Nf6 5.Nf3 d6 
6.Ng5 Qe7 7.Nc3 h6 8.Nd5 Nxd5 9.Qxd5 hxg5 10.Bxg5 
Qe5 11.O-O-O Qxd5 12.exd5 Ne7 13.Bb5+ Bd7 
14.a4 1-0

[Event "CCL-E009"]
[Site "www.playchess.de"]
[Date "2001.02.16"]
[Round "14"]
[White "Jadamoves"]
[Black "premio53"]
[WhiteElo "2000"]
[BlackElo "2000"]
[PlyCount "65"]
[Result "1-0"]

1.Nf3 {Hello}  c5 2.g3 {Best of luck}  Nc6 3.Bg2 
d5 4.O-O e6 {I couldn't get your message on what 
kind of computer you are using.}  5.d4 {Pentium 
III 866}  Nf6 6.c4 dxc4 {What is the name of your 
program?}  7.Qa4 cxd4 8.Nxd4 {Gambit Tiger 1.0}  
Qxd4 {I already feel outclassed}  9.Bxc6+ Bd7 
10.Rd1 Bxc6 11.Qxc6+ bxc6 12.Rxd4 g6 13.Rxc4 Kd7 
{I don't have any idea why it made this move.}  
14.b3 Rc8 15.Bb2 Bg7 16.Nd2 Rhd8 17.Ra4 Rc7 18.Be5 
Rb7 19.Nc4 {Well, it's an uphill struggle for CM}  
Ke8 {Are you running Gambit Tiger or CM?}  20.Na5 
Rbd7 21.Nxc6 {Gambit Tiger}  Rc8 22.Nxa7 {Gambit 
Tiger}  Rc2 23.Nb5 Rxe2 24.Bc3 Rd8 25.Rc1 Bh6 
26.Nc7+ {Gambit Tiger}  Ke7 27.Bb4+ Kd7 28.f4 Nd5 
29.Nxd5 exd5 30.Ra7+ Ke8 31.Rcc7 g5 32.Kf1 Re4 
33.Rcxf7 1-0

[Event "HCL-B154"]
[Site "www.playchess.de"]
[Date "2001.02.16"]
[Round "7"]
[White "Mother_Teresa"]
[Black "victor"]
[WhiteElo "1173"]
[BlackElo "1200"]
[PlyCount "45"]
[Result "1-0"]

1.e4 e6 2.Nf3 d5 3.exd5 exd5 4.d4 Nf6 5.Bg5 Be7 
6.Nc3 c6 7.Bd3 Bg4 8.h3 Bxf3 9.Qxf3 Nbd7 10.O-O 
Qb6 11.b3 Qxd4 12.Ne2 Qe5 13.Bf4 Qh5 14.Qxh5 Nxh5 
15.Bh2 O-O 16.Ng3 Nxg3 17.Bxg3 Bf6 18.Rad1 Rfe8 
19.c4 dxc4 20.Bxc4 Ne5 21.Bxe5 Rxe5 22.f4 Re2 
23.Bxe2 1-0

[Event "HCL-B153"]
[Site "www.playchess.de"]
[Date "2001.02.16"]
[Round "18"]
[White "class58"]
[Black "dgrudny"]
[WhiteElo "1763"]
[BlackElo "1500"]
[PlyCount "53"]
[Result "1-0"]

1.e4 c5 2.Bc4 e6 3.Nf3 d6 4.d3 a6 5.O-O b5 6.Bb3 
Nf6 7.Bg5 h6 8.Bxf6 Qxf6 9.c3 Nd7 10.a4 Bb7 
11.Nbd2 Qd8 12.d4 c4 13.Bc2 e5 14.Qe2 Qc7 15.axb5 
axb5 16.Rxa8+ Bxa8 17.Ra1 Bb7 18.b3 Nb6 19.bxc4 
bxc4 20.Ba4+ Nxa4 21.Rxa4 f6 22.Nxc4 Qc6 23.Ra7 
Qxe4 24.Qb2 Qd3 25.Qb5+ Kd8 26.Nfd2 Bc8 
27.Qb6+ 1-0

[Event "HCL-E023"]
[Site "www.playchess.de"]
[Date "2001.02.16"]
[Round "10"]
[White "NOHAU"]
[Black "Merscheid"]
[WhiteElo "2248"]
[BlackElo "2289"]
[PlyCount "50"]
[Result "1/2-1/2"]

1.e4 c5 2.Nf3 Nc6 3.d4 cxd4 4.Nxd4 g6 5.c4 Nf6 
6.Nc3 Nxd4 7.Qxd4 d6 8.Be2 Bg7 9.Be3 O-O 10.Qd2 
Ng4 11.Bxg4 Bxg4 12.O-O Rc8 13.b3 b5 14.Nxb5 Bxa1 
15.Rxa1 a6 16.Nd4 f6 17.h3 Bd7 18.Rd1 Qc7 19.Ne2 
Bc6 20.Ng3 Qb7 21.f3 Rf7 22.Bd4 h5 23.h4 Kh7 
24.Re1 Rg8 25.Be3 f5 1/2-1/2

[Event "HCL-B160"]
[Site "www.playchess.de"]
[Date "2001.02.16"]
[Round "7"]
[White "shepherd"]
[Black "King_Safety"]
[WhiteElo "1420"]
[BlackElo "1269"]
[PlyCount "55"]
[Result "1-0"]

1.e4 c6 {Greetings from Canada! Good luck in the 
tournament.}  2.Nf3 d5 3.e5 Bf5 4.d4 e6 5.Bg5 Qb6 
6.Nbd2 Qxb2 7.Rb1 Qxc2 8.Qxc2 Bxc2 9.Rxb7 Nd7 
10.Rc7 Be4 11.Nxe4 Be7 12.Rxc6 Bb4+ 13.Ned2 Ne7 
14.Bxe7 Kxe7 15.Bb5 Rab8 16.Ba4 Nb6 17.Rc7+ Kd8 
18.Rxa7 Nc4 19.Ke2 Rc8 20.Rd7+ Ke8 21.Rb7+ Kd8 
22.Rxb4 f6 23.Nxc4 dxc4 24.Rc1 c3 25.Kd3 c2 
26.Rxc2 f5 27.Rxc8+ Kxc8 28.Rb6 1-0

[Event "HCL-B160"]
[Site "www.playchess.de"]
[Date "2001.02.16"]
[Round "13"]
[White "Gruhni"]
[Black "waz2000"]
[WhiteElo "1412"]
[BlackElo "1967"]
[PlyCount "30"]
[Result "0-1"]

1.e4 e5 2.Nf3 d5 3.Nxe5 Qe7 4.d4 f6 5.Qh5+ g6 
6.Nxg6 Qxe4+ 7.Be3 Qxg6 8.Qxd5 Qxc2 9.Bc4 Bb4+ 
10.Bd2 Qc1+ 11.Ke2 Qxh1 12.Qf7+ Kd8 13.Bxb4 Bg4+ 
14.Ke3 Nd7 15.f3 Qg1+ 0-1

[Event "ACL-A092"]
[Site "www.playchess.de"]
[Date "2001.02.16"]
[Round "1"]
[White "Yogibear"]
[Black "Smutje"]
[WhiteElo "1768"]
[BlackElo "1114"]
[PlyCount "31"]
[Result "1-0"]

1.c4 {Hallo und viel Spass!}  e6 {dito}  2.g3 d5 
3.Bg2 b5 4.cxb5 Qf6 5.Nf3 Bd7 6.O-O Bxb5 7.Nc3 Ba6 
8.Qa4+ c6 9.d3 h5 10.Bg5 Qg6 11.Bf4 h4 12.Bxb8 
Rxb8 13.Qxc6+ Ke7 14.Qc7+ Kf6 15.Nxd5+ Kf5 
16.Qf4+ 1-0

[Event "HCL-C174"]
[Site "www.playchess.de"]
[Date "2001.02.16"]
[Round "19"]
[White "jjbranc"]
[Black "WindsorStar"]
[WhiteElo "1000"]
[BlackElo "797"]
[PlyCount "59"]
[Result "1-0"]

1.e3 e5 2.Nf3 Nc6 3.Nc3 a6 4.g3 d6 5.Bg2 h6 6.O-O 
g5 7.d4 g4 8.Nh4 exd4 9.exd4 Bg7 10.Re1+ Nge7 
11.Nd5 O-O 12.Nxe7+ Nxe7 13.Be4 d5 14.Bd3 Qd6 
15.Bf4 Qf6 16.c3 Rd8 17.Be5 Qe6 18.Bxg7 Kxg7 
19.Rxe6 fxe6 20.Qxg4+ Kf7 21.Qf4+ Ke8 22.Bg6+ Kd7 
23.b3 Rg8 24.Qf7 b5 25.Re1 c6 26.Qxe6+ Kc7 
27.Qxe7+ Kb8 28.Qd6+ Kb7 29.Re7+ Kb6 30.Qc7+ 
{checkmate}  1-0

[Event "HCL-C174"]
[Site "www.playchess.de"]
[Date "2001.02.16"]
[Round "20"]
[White "WindsorStar"]
[Black "Phlo"]
[WhiteElo "797"]
[BlackElo "1000"]
[PlyCount "85"]
[Result "1/2-1/2"]

1.Nc3 e5 2.e4 Nf6 3.h3 d5 4.exd5 Nxd5 5.Nxd5 Qxd5 
6.c4 Qd4 7.Nf3 Qe4+ 8.Be2 Bc5 9.d3 Qg6 10.Qa4+ Bd7 
11.Qb3 Qxg2 12.Rf1 Qxh3 13.Nxe5 Nc6 14.Qc3 f6 
15.Nxc6 Bxc6 16.Be3 Bxe3 17.d4 Bg2 18.Qxe3+ Qxe3 
19.fxe3 Bxf1 20.Kxf1 g5 21.Kg2 Rf8 22.Rh1 Rf7 
23.Bh5 Rd8 24.Bxf7+ Kxf7 25.Rxh7+ Ke6 26.Rxc7 Rb8 
27.c5 Kd5 28.b4 Kc4 29.Rf7 Re8 30.Kf2 Kxb4 31.Rxf6 
Kc4 32.Ke2 Rh8 33.Rf2 g4 34.Rg2 a5 35.Rxg4 Rh2+ 
36.Kf3 Kd3 37.Rg7 Re2 38.Rxb7 Rxe3+ 39.Kf2 Re2+ 
40.Kf3 Rxa2 41.c6 Kxd4 42.c7 Rc2 43.Ra7 {If you 
take the Draw, we both get a half point each} 
 1/2-1/2

[Event "HCL-B174"]
[Site "www.playchess.de"]
[Date "2001.02.16"]
[Round "17"]
[White "Whatever"]
[Black "Scaleo"]
[WhiteElo "1500"]
[BlackElo "1500"]
[PlyCount "36"]
[Result "1/2-1/2"]

1.e4 {Good game to you.}  c5 {too}  2.Nf3 Nc6 
{too}  3.d4 cxd4 4.Nxd4 Nf6 5.Nc3 e5 6.Ndb5 d6 
7.Bg5 a6 8.Na3 b5 9.Bxb5 axb5 10.Naxb5 Be6 11.Bxf6 
gxf6 12.Nd5 Qa5+ 13.c3 Rc8 14.Nxf6+ Ke7 15.Nd5+ 
Bxd5 16.Qxd5 Kf6 17.O-O {Let'splay at least 20 
moves}  Be7 18.f4 Kg7 1/2-1/2

[Event "ACL-A093"]
[Site "www.playchess.de"]
[Date "2001.02.16"]
[Round "7"]
[White "Zsozso"]
[Black "patzer"]
[WhiteElo "1548"]
[BlackElo "1500"]
[PlyCount "63"]
[Result "1-0"]

1.e4 {Good luck!}  e5 {Good luck, too!}  2.Nc3 Nc6 
3.Nf3 Nf6 4.Bb5 a6 5.Bxc6 dxc6 6.Nxe5 Nxe4 7.Nxe4 
Qd4 8.O-O Qxe4 9.Re1 Qf5 10.Ng6+ Be6 11.Nxh8 Bd6 
12.Qe2 O-O-O 13.Qe4 Qxe4 14.Rxe4 Rxh8 15.d3 Kd7 
16.Bd2 f5 17.Re2 Re8 18.Rae1 Bf7 19.R2xe8 Bxe8 
20.Bc3 g5 21.Be5 Bg6 22.h3 h5 23.f4 g4 24.hxg4 
hxg4 25.Kf2 Bf7 26.Bxd6 cxd6 27.Kg3 b5 28.Kh4 Bd5 
29.g3 Be6 30.Kg5 Ke7 31.Rh1 d5 
32.Rh7+ 1-0

[Event "HCL-C176"]
[Site "www.playchess.de"]
[Date "2001.02.16"]
[Round "4"]
[White "Translightor"]
[Black "Stef"]
[WhiteElo "1426"]
[BlackElo "1144"]
[PlyCount "39"]
[Result "1-0"]

1.e4 {Hallo und viel Spaß!}  e5 {Hoffentlich wirds 
ein schönes und spannendes Spiel}  2.Nf3 {Bis 
jetzt sieht's noch ganz schön und spannend aus...} 
 d6 3.d4 Nf6 4.dxe5 dxe5 5.Qxd8+ Kxd8 6.Nxe5 Be6 
7.f3 {Schau dir mal Partie C170-17 an. Vielleicht 
gelingt Dir der gleiche Trick!}  Nc6 {komm nicht 
drauf}  8.Nxc6+ {Er hatte statt Sc6 7.-Ld6 8.Sc4 
und dann Kf8! (=0-0-0!!) eingegeben. Das Programm 
akzeptierte!!!}  Kd7 9.Ne5+ {Bist du nicht 
hungrig? (Springerfressen!)}  Kd6 {Bin immer 
hungrig. aber am essen fehlts}  10.Bf4 {Vor einem 
Zug stand einer zum Essen bereit...}  Ke7 {jetzt 
ist es eh zu spät}  11.Nc3 a5 12.Rd1 g6 13.Bg5 Bg7 
14.Nd5+ Bxd5 15.Rxd5 Rad8 16.Bc4 b6 17.Ke2 a4 
18.Nc6+ {Das hätte ich auch schon vor einem Zug 
spielen können!}  Ke6 19.Rxd8+ Nd5 
20.Bxd5+ 1-0

[Event "HCL-C179"]
[Site "www.playchess.de"]
[Date "2001.02.16"]
[Round "21"]
[White "guigao"]
[Black "lsoule"]
[WhiteElo "1000"]
[BlackElo "872"]
[PlyCount "55"]
[Result "1-0"]

1.e4 c5 2.Bc4 Nc6 3.Qh5 e6 4.Nf3 Nf6 5.Qh3 d5 
6.Bb5 Nxe4 7.d3 e5 8.Qh5 g6 9.Bxc6+ bxc6 10.Qxe5+ 
Qe7 11.dxe4 Qxe5 12.Nxe5 dxe4 13.Nxc6 Bb7 14.Na5 
O-O-O 15.Nxb7 Kxb7 16.O-O Bg7 17.Nd2 Bxb2 18.Bxb2 
Rhe8 19.Nc4 f5 20.Rab1 Kc7 21.Be5+ Kc6 22.Bf4 Kd5 
23.Nd6 Re7 24.Nb7 Rg8 25.Rfd1+ Ke6 26.Rd6+ Kf7 
27.Bg5 e3 28.fxe3 1-0

[Event "HCL-A079"]
[Site "www.playchess.de"]
[Date "2001.02.16"]
[Round "9"]
[White "chessnut"]
[Black "Lydeking"]
[WhiteElo "2020"]
[BlackElo "1534"]
[PlyCount "45"]
[Result "1-0"]

1.c4 b6 2.Nf3 Bb7 3.g3 Bxf3 4.exf3 c5 5.d4 cxd4 
6.Qxd4 Nc6 7.Qd2 e6 8.Nc3 Bb4 9.a3 Be7 10.b3 Nf6 
11.Bg2 O-O 12.f4 Rc8 13.Bb2 Na5 14.Qd1 Qc7 15.O-O 
Rfd8 16.Rc1 Qb8 17.Re1 Bf8 18.f5 exf5 19.Nb5 Ne8 
20.Bd5 Nd6 21.Qh5 g6 22.Nxd6 Qxd6 23.Bxf7+ {Mate 
in 2!!}  1-0

[Event "HCL-A079"]
[Site "www.playchess.de"]
[Date "2001.02.16"]
[Round "18"]
[White "Gorodish"]
[Black "Lydeking"]
[WhiteElo "1699"]
[BlackElo "1534"]
[PlyCount "31"]
[Result "1/2-1/2"]

1.c4 b6 2.d4 e6 3.Nf3 Bb7 4.e3 Nf6 5.Be2 Bb4+ 
6.Bd2 Qe7 7.a3 Bxd2+ 8.Nbxd2 O-O 9.O-O d6 10.b4 
Nbd7 11.Ne1 c5 12.dxc5 dxc5 13.b5 Rfd8 14.Qc2 Ne5 
15.Nef3 Nxf3+ 16.Bxf3 1/2-1/2

[Event "HCL-B184"]
[Site "www.playchess.de"]
[Date "2001.02.16"]
[Round "21"]
[White "dg"]
[Black "Xina"]
[WhiteElo "1076"]
[BlackElo "1200"]
[PlyCount "67"]
[Result "1/2-1/2"]

1.e4 e5 2.Nf3 d6 3.g3 Nf6 4.Nc3 a6 5.Bg2 Nc6 6.O-O 
Be6 7.Ng5 Qd7 8.Qf3 h6 9.Nxe6 Qxe6 10.Nd5 O-O-O 
11.d3 Nd4 12.Qd1 Nxd5 13.exd5 Qd7 14.c3 Nf5 15.Qh5 
g6 16.Qf3 h5 17.Bg5 Be7 18.Bxe7 Qxe7 19.Bh3 Qd7 
20.b4 h4 21.c4 hxg3 22.Bxf5 gxh2+ 23.Kh1 Qxf5 
24.Qxf5+ gxf5 25.f3 Rh3 26.a4 c5 27.b5 a5 28.Ra2 
f4 29.Rxh2 Rxh2+ 30.Kxh2 Rh8+ 31.Kg2 f5 32.Re1 Kd7 
33.Rh1 Rxh1 34.Kxh1 1/2-1/2

[Event "HCL-A077"]
[Site "www.playchess.de"]
[Date "2001.02.16"]
[Round "20"]
[White "Avva"]
[Black "JL"]
[WhiteElo "1800"]
[BlackElo "1800"]
[PlyCount "31"]
[Result "1-0"]

1.e4 e5 2.f4 d5 3.exd5 e4 4.d3 Nf6 5.Nd2 exd3 
6.Bxd3 Nxd5 7.Qe2+ Qe7 8.Ne4 Nb4 9.Bb5+ c6 10.Ba4 
Be6 11.Bd2 g6 12.Bc3 f5 13.Bf6 Qd7 14.Ng5 Bg7 
15.Bxg7 Qxg7 16.Qxe6+ 1-0

[Event "HCL-A048"]
[Site "www.playchess.de"]
[Date "2001.02.16"]
[Round "2"]
[White "klypp"]
[Black "sazex"]
[WhiteElo "2073"]
[BlackElo "1642"]
[PlyCount "57"]
[Result "1/2-1/2"]

1.e4 e5 2.Nf3 Nc6 3.Bb5 a6 4.Ba4 Nf6 5.d4 exd4 
6.e5 Nd5 7.O-O Nb6 8.Bb3 Be7 9.Re1 O-O 10.Nxd4 
Nxd4 11.Qxd4 c5 12.Qe4 d5 13.exd6 e.p 14.Bxd6 Bf4 
15.Bxf4 Qxf4 16.Be6 Bxe6 17.fxe6 Qe3 18.Rf6 Nc3 
19.Nd5 Nxd5 20.exd5 Qxc5 21.Rc8 Qe3 22.Rxc2 Re2 
23.Rxe2 Qxe2 24.b5 Rd1 25.Qd6 Qe8+ 26.Rf8 Qe3 
27.Rd8 Qd4 28.Re8 b4 29.Qe5 1/2-1/2

[Event "HCL-A048"]
[Site "www.playchess.de"]
[Date "2001.02.16"]
[Round "3"]
[White "nomad"]
[Black "klypp"]
[WhiteElo "1675"]
[BlackElo "2073"]
[PlyCount "40"]
[Result "0-1"]

1.f4 e5 2.fxe5 d6 3.exd6 Bxd6 4.Nf3 g5 5.d4 g4 
6.Ng5 f5 7.e4 h6 8.e5 Be7 9.Nh3 gxh3 10.Qh5+ Kf8 
11.Bc4 Rh7 12.Be3 Bh4+ 13.g3 Bg5 14.Rf1 Bxe3 15.e6 
Bg5 16.Rxf5+ Nf6 17.Nc3 Qxd4 18.Rd1 Qg1+ 19.Rf1 
Qxf1+ 20.Kxf1 Nxh5 0-1

[Event "HCL-A048"]
[Site "www.playchess.de"]
[Date "2001.02.16"]
[Round "4"]
[White "sazex"]
[Black "teenspirit"]
[WhiteElo "1642"]
[BlackElo "1767"]
[PlyCount "37"]
[Result "1-0"]

1.e4 Nc6 2.Nf3 f5 3.exf5 d5 4.Bb5 Bxf5 5.O-O e6 
6.Nd4 Nge7 7.Re1 Qd6 8.Bxc6+ bxc6 9.Qe2 c5 10.Nxe6 
Bxe6 11.Qxe6 Qxe6 12.Rxe6 Kd7 13.Re1 Nc6 14.b3 Nd4 
15.Na3 c4 16.Bb2 cxb3 17.Bxd4 Bxa3 18.axb3 Bb4 
19.c3 1-0